[Event "TV2 Fagernes International 2018"]
[Site "Scandic Hotel Fagernes"]
[Date "2018.03.25"]
[Round "7"]
[White "Lie, Terje"]
[Black "Odden, Jan Ove"]
[Result "0-1"]
[WhiteElo "1503"]
[BlackElo "1500"]
[PlyCount "148"]
[EventDate "2018.??.??"]

1. d4 Nf6 2. c4 c5 3. d5 b5 4. f3 g6 5. e4 d6 6. Bg5 Bg7 7. Qd2 Nbd7 8. Bh6 O-O
9. Bxg7 Kxg7 10. cxb5 a6 11. Nc3 axb5 12. Bxb5 Qb6 13. Nge2 Ba6 14. Bxa6 Rxa6
15. O-O Rb8 16. Rfb1 Rba8 17. Kh1 Qb4 18. Qc2 Ne5 19. Nc1 Qc4 20. Qe2 Qb4 21.
Nd3 Nxd3 22. Qxd3 Nd7 23. Qb5 Nb6 24. a3 Qd4 25. Rd1 Qe5 26. Rab1 h5 27. Qd3
Kh7 28. g3 R6a7 29. f4 Qf6 30. Re1 Nd7 31. Na2 Ra4 32. Qc3 Rb8 33. Qxf6 Nxf6
34. Nc3 Rd4 35. e5 Nxd5 36. Nxd5 Rxd5 37. exd6 exd6 38. Re2 Rd3 39. Rc2 Rxa3
40. Rd1 Ra6 41. Rcd2 Rd8 42. b3 Rb6 43. Rd3 Kg7 44. Kg2 Kf6 45. Kf3 Ke6 46.
Re1+ Kd7 47. Ra1 Kc6 48. Ra7 Rd7 49. Rxd7 Kxd7 50. Ke4 Ke6 51. Re3 Rb4+ 52.
Kf3+ Kd5 53. Rd3+ Rd4 54. Re3 Rd2 55. h4 Kd4 56. Re4+ Kc3 57. Re7 Kxb3 58. Rxf7
c4 59. f5 gxf5 60. Rxf5 c3 61. Ke3 Rd1 62. Rb5+ Kc4 63. Rb8 Rd3+ 64. Kf4 Rd5
65. Ke3 c2 66. Rc8+ Kb3 67. Rb8+ Kc3 68. Ke4 Rc5 69. Rd8 d5+ 70. Kf5 c1=Q 71.
Kg6 Qd1 72. Rg8 Qg4+ 73. Kh7 Rc7+ 74. Kh6 Qxg8 
0-1

[Event "TV2 Fagernes International 2018"]
[Site "Scandic Hotel Fagernes"]
[Date "2018.03.25"]
[Round "7"]
[White "Larsen, Per Magnus"]
[Black "Ruud, Christian Holmboe"]
[Result "1-0"]
[WhiteElo "1357"]
[BlackElo "1252"]
[PlyCount "53"]
[EventDate "2018.??.??"]

1. d4 Nf6 2. c4 g6 3. Nc3 Bg7 4. e4 d6 5. Bg5 O-O 6. Be2 Nbd7 7. Qd2 c6 8. Nf3
Re8 9. e5 dxe5 10. dxe5 Nh5 11. Rd1 f6 12. exf6 Nhxf6 13. Be3 Qb6 14. Bxb6 Nxb6
15. c5 Nbd7 16. Ng5 Bh6 17. h4 Nxc5 18. Bc4+ e6 19. Qe2 b5 20. Bb3 Nxb3 21.
axb3 Nh5 22. Qf3 Rf8 23. Qxc6 Rb8 24. O-O Nf4 25. Nxb5 Bb7 26. Qc7 Bxg2 27.
Qxh7#
1-0

[Event "TV2 Fagernes International 2018"]
[Site "Scandic Hotel Fagernes"]
[Date "2018.03.25"]
[Round "7"]
[White "Nordquelle, Pål"]
[Black "Skotheim, Håvard"]
[Result "1-0"]
[WhiteElo "1558"]
[BlackElo "1324"]
[PlyCount "65"]
[EventDate "2018.??.??"]

1. c4 e5 2. Nc3 Nf6 3. d3 d5 4. cxd5 Nxd5 5. Nf3 Nc6 6. g3 Be7 7. Bg2 Nb6 8.
O-O O-O 9. a3 Be6 10. b4 a5 11. b5 Nd4 12. Nxe5 Bf6 13. f4 Nb3 14. Bb2 Nxa1 15.
Bxa1 Bxe5 16. fxe5 Qd4+ 17. Kh1 Qxe5 18. a4 Qc5 19. Bxb7 Rad8 20. Ne4 Bd5 21.
Bxd5 Qxd5 22. Kg1 Rfe8 23. Qc2 Rc8 24. Qc3 Kf8 25. Qxg7+ Ke7 26. Bf6+ Kd7 27.
Qg4+ Re6 28. Rc1 Nxa4 29. Qg7 Rce8 30. Qxf7+ R8e7 31. Bxe7 Qd4+ 32. Kf1 Rxe7
33. Rxc7+
1-0

[Event "TV2 Fagernes International 2018"]
[Site "Scandic Hotel Fagernes"]
[Date "2018.03.25"]
[Round "8"]
[White "Aroven, Mikael"]
[Black "Mihajlov, Svetoslav"]
[Result "1-0"]
[WhiteElo "2121"]
[BlackElo "2197"]
[PlyCount "193"]
[EventDate "2018.??.??"]

1. Nf3 Nf6 2. c4 g6 3. b3 Bg7 4. Bb2 O-O 5. g3 d6 6. Bg2 e5 7. O-O Nc6 8. d4
Nd7 9. dxe5 Ndxe5 10. Nc3 Bg4 11. Nxe5 Bxe5 12. Qd2 Bg7 13. Nd5 Bxb2 14. Qxb2
f6 15. Rac1 Kg7 16. b4 Re8 17. Rc2 Ne5 18. Ne3 Bc8 19. Rd1 c6 20. Rcd2 Nf7 21.
Qd4 Qb6 22. c5 dxc5 23. bxc5 Qc7 24. Nc4 Be6 25. Nd6 Nxd6 26. cxd6 Qd7 27. Rc1
Red8 28. e4 Qf7 29. a3 Rd7 30. f4 a5 31. h3 a4 32. Rc3 Ra5 33. Qb4 Ra6 34. Qc5
Bb3 35. h4 Be6 36. Rd4 Qf8 37. Bf1 Ra8 38. Bg2 Qd8 39. Rb4 Ra5 40. Qd4 Rxd6 41.
Rxb7+ Bf7 42. Qb6 Qxb6+ 43. Rxb6 Rd1+ 44. Kf2 Rd2+ 45. Kf3 f5 46. Bf1 fxe4+ 47.
Ke3 Rd1 48. Be2 Rg1 49. Kf2 Ra1 50. Rb7 Rf5 51. Ke3 Kf8 52. Ra7 h5 53. Kxe4 Re1
54. Re3 Rf6 55. Rxa4 Bb3 56. Ra8+ Ke7 57. Ra7+ Kd6 58. Rxb3 Rxe2+ 59. Kf3 Rfe6
60. Ra5 Re1 61. Rd3+ Kc7 62. Rg5 Rf1+ 63. Kg2 Ree1 64. Rd2 Rg1+ 65. Kf3 Re6 66.
Ra2 Rf1+ 67. Kg2 Rfe1 68. Kf2 Rh1 69. Kg2 Rhe1 70. a4 Kb6 71. a5+ Ka6 72. Rb2
Ra1 73. Re5 Rxe5 74. fxe5 Rxa5 75. Re2 Kb6 76. Kf3 Kc7 77. Kf4 Ra4+ 78. Kg5
Rg4+ 79. Kf6 Rxg3 80. Rd2 Rf3+ 81. Kxg6 c5 82. e6 Re3 83. Kf7 Rf3+ 84. Ke8 Rf4
85. e7 Rxh4 86. Rd7+ Kc6 87. Kd8 Re4 88. e8=Q Rxe8+ 89. Kxe8 c4 90. Ke7 Kc5 91.
Ke6 c3 92. Ke5 Kc4 93. Ke4 h4 94. Rc7+ Kb3 95. Kd3 h3 96. Rxc3+ Kb4 97. Rc2 
1-0

[Event "TV2 Fagernes International 2018"]
[Site "Scandic Hotel Fagernes"]
[Date "2018.03.25"]
[Round "8"]
[White "Vitenberg, Noam Aviv"]
[Black "Løbersli, Henrik Øie"]
[Result "0-1"]
[WhiteElo "1975"]
[BlackElo "2081"]
[PlyCount "80"]
[EventDate "2018.??.??"]

1. d4 Nf6 2. c4 e6 3. Nf3 d5 4. Nc3 Nbd7 5. cxd5 exd5 6. Bg5 Bb4 7. Qc2 c5 8.
dxc5 Qa5 9. Bd2 Qxc5 10. a3 Bxc3 11. Qxc3 O-O 12. e3 Ne4 13. Qd4 Qxd4 14. Nxd4
Nxd2 15. Kxd2 Nc5 16. Be2 b6 17. Rhd1 Bb7 18. Ke1 Rfd8 19. Rac1 Rac8 20. Bg4
Nd3+ 21. Rxd3 Rxc1+ 22. Bd1 g6 23. Nc2 d4 24. f3 Ba6 25. Rxd4 Rxd4 26. exd4 Rb1
27. Nb4 Bb5 28. b3 Rb2 29. a4 Bd7 30. Nd5 Be6 31. Nc3 Bxb3 32. Be2 Rc2 33. Nb5
Bxa4 34. Nxa7 Bd7 35. d5 Ra2 36. Nc6 Bxc6 37. dxc6 Rc2 38. Bb5 Rc5 39. Ba4 b5
40. c7 bxa4 
0-1

[Event "TV2 Fagernes International 2018"]
[Site "Scandic Hotel Fagernes"]
[Date "2018.03.25"]
[Round "8"]
[White "Unhjem, BjÃ¸rn Robert LÃ¸voll"]
[Black "Guddahl, Viggo"]
[Result "1-0"]
[WhiteElo "1698"]
[BlackElo "2072"]
[PlyCount "71"]
[EventDate "2018.??.??"]

1. e4 e5 2. Nf3 Nc6 3. Bb5 a6 4. Ba4 b5 5. Bb3 Na5 6. O-O d6 7. d4 Nxb3 8. axb3
f6 9. h3 Bb7 10. Re1 c5 11. d5 g6 12. Nc3 Bg7 13. Ne2 Ne7 14. c4 O-O 15. Ng3
Qd7 16. Bd2 h6 17. Nh4 Bc8 18. b4 cxb4 19. Bxb4 bxc4 20. Qc2 a5 21. Bxa5 Ba6
22. Nf3 Rfc8 23. Ra3 Qb5 24. Nd2 h5 25. Rea1 Bh6 26. Bc3 Bb7 27. Ra5 Rxa5 28.
Rxa5 Qb6 29. Ngf1 Rc5 30. Rxc5 Qxc5 31. Qa4 f5 32. Qd7 Nxd5 33. Qe6+ Kh7 34.
Qf7+ Kh8 35. exd5 Qxd5 36. Qxg6 1-0

[Event "TV2 Fagernes International 2018"]
[Site "Scandic Hotel Fagernes"]
[Date "2018.03.25"]
[Round "8"]
[White "Aarnes, Eirik"]
[Black "Darnell, Anton"]
[Result "0-1"]
[WhiteElo "1785"]
[BlackElo "2029"]
[PlyCount "71"]
[EventDate "2018.??.??"]

1. e4 e5 2. Nf3 Nc6 3. Bb5 a6 4. Bxc6 dxc6 5. O-O Qf6 6. d4 exd4 7. Qxd4 Bg4 8.
e5 Qg6 9. Ng5 Bf5 10. Nc3 Rd8 11. Qe3 Ne7 12. b3 Nd5 13. Nxd5 cxd5 14. e6 fxe6
15. Re1 Rd6 16. Ba3 Rc6 17. Bxf8 Rxf8 18. c4 d4 19. Qd2 h6 20. Nf3 Bh3 21. Nh4
Qg4 22. Qd3 Qxh4 23. Qxh3 Qxh3 24. gxh3 Kd7 25. Re4 Rd6 26. b4 Rf5 27. Rd1 e5
28. Rg4 g5 29. h4 Rf4 30. h3 Rxg4+ 31. hxg4 e4 32. h5 d3 33. a3 Ke6 34. c5 Rd7
35. Kf1 Ke5 36. Ra1 
0-1

[Event "TV2 Fagernes International 2018"]
[Site "Scandic Hotel Fagernes"]
[Date "2018.03.25"]
[Round "8"]
[White "Hagesæther, Arne"]
[Black "Sidali, Elias Hulleberg"]
[Result "1-0"]
[WhiteElo "2002"]
[BlackElo "1840"]
[PlyCount "57"]
[EventDate "2018.??.??"]

1. d4 Nf6 2. Bf4 g6 3. Nc3 d5 4. Qd2 c6 5. f3 Bg7 6. Bh6 Bxh6 7. Qxh6 Qb6 8.
O-O-O Bd7 9. e4 dxe4 10. Nxe4 Nxe4 11. fxe4 Bg4 12. Rd2 Qa5 13. Bc4 Qb4 14.
Bxf7+ Kxf7 15. Qf4+ Kg7 16. Qxg4 a5 17. Nf3 a4 18. a3 Qc4 19. Ne5 Qa2 20. Rf2
Rd8 21. Rf7+ Kg8 22. Rxh7 Rd6 23. Qh4 Qa1+ 24. Kd2 Rxd4+ 25. Ke3 Qxh1 26. Rh8+
Kg7 27. Qh6+ Kf6 28. Qxg6+ Kxe5 29. Rh5# 
1-0

[Event "TV2 Fagernes International 2018"]
[Site "Scandic Hotel Fagernes"]
[Date "2018.03.25"]
[Round "8"]
[White "Hoem, Tor Wetle"]
[Black "Gundersen, Ingvar"]
[Result "1-0"]
[WhiteElo "1953"]
[BlackElo "1888"]
[PlyCount "105"]
[EventDate "2018.??.??"]

1. d4 d5 2. Nf3 Nf6 3. e3 e6 4. Bd3 Bd6 5. b3 Nbd7 6. Bb2 c6 7. Ne5 a5 8. a4
Qe7 9. Nd2 Bb4 10. O-O Nf8 11. Qe2 Ng6 12. f4 Qc7 13. Rf3 b6 14. Nxc6 O-O 15.
Ne5 Bxd2 16. Qxd2 Ne4 17. Qe2 Ne7 18. Ba3 f6 19. Ng4 Rf7 20. Nf2 f5 21. Bb5 Qc3
22. Rc1 Ng6 23. Rh3 Qd2 24. Qxd2 Nxd2 25. Rd1 Ne4 26. Nxe4 fxe4 27. g4 Bd7 28.
Be2 Rc8 29. c4 Ne7 30. Bxe7 Rxe7 31. Rc1 g6 32. Rg3 Be8 33. Rg2 Rec7 34. Bf1
Kg7 35. Rgc2 b5 36. c5 bxa4 37. bxa4 Bxa4 38. Ra2 Bb3 39. Rxa5 h5 40. Be2 hxg4
41. Bxg4 Kf6 42. Ra6 Rc6 43. Rxc6 Rxc6 44. Rb1 Bc4 45. Rb6 Rxb6 46. cxb6 Ba6
47. Kf2 Ke7 48. Kg3 Kd6 49. Kh4 Bc8 50. Kg5 Kc6 51. Kxg6 Kxb6 52. Kf6 Kb5 53.
Bxe6 
1-0

[Event "TV2 Fagernes International 2018"]
[Site "Scandic Hotel Fagernes"]
[Date "2018.03.25"]
[Round "8"]
[White "Narva, Regina"]
[Black "Gjestemoen-Vonhirsch, Andre"]
[Result "0-1"]
[WhiteElo "1939"]
[BlackElo "1691"]
[PlyCount "78"]
[EventDate "2018.??.??"]

1. Nf3 Nf6 2. g3 d5 3. Bg2 c6 4. b3 Bg4 5. d3 Nbd7 6. c4 e6 7. a3 a5 8. Ra2 Qc7
9. Nbd2 Bd6 10. Bb2 h5 11. Qc2 b6 12. e4 dxe4 13. dxe4 Ke7 14. Nd4 h4 15. h3
Bxg3 16. fxg3 Qxg3+ 17. Kf1 Ne5 18. Nxc6+ Nxc6 19. Bxf6+ gxf6 20. hxg4 h3 21.
Bf3 Rad8 22. Qc3 Ne5 23. Qe3 Rd3 24. Qf2 Nxf3 25. Qxg3 Nxd2+ 26. Ke2 Rxg3 27.
Rxd2 Rxb3 28. Rd3 Rxd3 29. Kxd3 h2 30. Kd4 Kd6 31. a4 Rh3 32. c5+ bxc5+ 33. Kc4
Kc6 34. e5 fxe5 35. g5 e4 36. g6 fxg6 37. Rb1 e3 38. Rb3 h1=Q 39. Rc3 Qd5# 0-1

[Event "TV2 Fagernes International 2018"]
[Site "Scandic Hotel Fagernes"]
[Date "2018.03.25"]
[Round "8"]
[White "Mjaaland, Bendik"]
[Black "Ukkelberg, Øyvind"]
[Result "0-1"]
[WhiteElo "1694"]
[BlackElo "1939"]
[PlyCount "62"]
[EventDate "2018.??.??"]

1. e4 e5 2. Nf3 d6 3. d4 Nf6 4. Nc3 Nbd7 5. Bc4 Be7 6. O-O h6 7. Qe2 c6 8. a4
a5 9. Rd1 Qc7 10. dxe5 dxe5 11. Nh4 Nc5 12. Nf5 Bf8 13. f3 g6 14. Ne3 Nh5 15.
g3 Bg7 16. Qf2 Ne6 17. Ne2 O-O 18. Ng4 Kh7 19. Be3 Ng5 20. Kg2 Nxe4 21. fxe4
Bxg4 22. Bb6 Qc8 23. Bc5 Bh3+ 24. Kh1 Qg4 25. Qe3 Rfd8 26. Bxf7 Nf4 27. Rxd8
Rxd8 28. Nxf4 exf4 29. Qxf4 Rd1+ 30. Rxd1 Qxd1+ 31. Bg1 Qe2 
0-1

[Event "TV2 Fagernes International 2018"]
[Site "Scandic Hotel Fagernes"]
[Date "2018.03.25"]
[Round "8"]
[White "Flatebø, Hallvard Haug"]
[Black "Myrheim, Håkon Abeland"]
[Result "1-0"]
[WhiteElo "1684"]
[BlackElo "1914"]
[PlyCount "71"]
[EventDate "2018.??.??"]

1. Nf3 d5 2. d4 Nf6 3. g3 e6 4. c4 dxc4 5. Nc3 Nc6 6. Bg2 a6 7. O-O Rb8 8. e4
b5 9. d5 Na5 10. Nd4 exd5 11. Nxd5 c5 12. Nf3 Nxd5 13. exd5 Be7 14. Bf4 Rb6 15.
Qd2 Nb7 16. Ne5 O-O 17. Nc6 Qd7 18. Nxe7+ Qxe7 19. Rfe1 Qd8 20. a4 Bf5 21. d6
bxa4 22. Rxa4 Nxd6 23. Re5 Qc8 24. Be3 Rd8 25. Rxc5 Qb8 26. Bd4 Be4 27. Re5
Bxg2 28. Kxg2 Qb7+ 29. f3 Rb3 30. Bc3 Rb5 31. Qxd6 Rb8 32. Qd4 f6 33. Re2 Rf5
34. Qxc4+ Kh8 35. Qe4 Qb5 36. Rb4 
1-0

[Event "TV2 Fagernes International 2018"]
[Site "Scandic Hotel Fagernes"]
[Date "2018.03.25"]
[Round "8"]
[White "Fuglestein, Sander"]
[Black "Bernstein, Jonas August"]
[Result "1/2-1/2"]
[WhiteElo "1886"]
[BlackElo "1637"]
[PlyCount "27"]
[EventDate "2018.??.??"]

1. d4 Nf6 2. Nf3 d5 3. g3 e6 4. Bg2 Be7 5. O-O O-O 6. c4 dxc4 7. Qc2 a6 8. Qxc4
b5 9. Qc2 Bb7 10. Bd2 Be4 11. Qb3 Bd5 12. Qc2 Be4 13. Qb3 Bd5 14. Qc2 
1/2-1/2

[Event "TV2 Fagernes International 2018"]
[Site "Scandic Hotel Fagernes"]
[Date "2018.03.25"]
[Round "8"]
[White "Lang, Gusztav Jr"]
[Black "Skrede, Snorre"]
[Result "1/2-1/2"]
[WhiteElo "1630"]
[BlackElo "1870"]
[PlyCount "56"]
[EventDate "2018.??.??"]

1. c4 Nf6 2. g3 g6 3. Bg2 Bg7 4. d4 O-O 5. Nf3 d6 6. O-O Nbd7 7. Nc3 e5 8. dxe5
dxe5 9. e4 c6 10. Re1 Qe7 11. b3 Rd8 12. Qe2 Nf8 13. Bb2 Bg4 14. h3 Bxf3 15.
Bxf3 Ne6 16. Qf1 Nd4 17. Bd1 Ne8 18. Qg2 Nc7 19. Ne2 Nxe2+ 20. Bxe2 Ne6 21.
Rad1 Rxd1 22. Rxd1 Rd8 23. Qf1 Nd4 24. Bxd4 exd4 25. Bd3 c5 26. f4 f6 27. Qe2
Re8 28. Kg2 b6 
1/2-1/2

[Event "TV2 Fagernes International 2018"]
[Site "Scandic Hotel Fagernes"]
[Date "2018.03.25"]
[Round "8"]
[White "Melkevik, Johannes"]
[Black "Larre, Linnea"]
[Result "1/2-1/2"]
[WhiteElo "1865"]
[BlackElo "1347"]
[PlyCount "53"]
[EventDate "2018.??.??"]

1. e4 c5 2. Nc3 g6 3. Nf3 Bg7 4. d4 cxd4 5. Nxd4 Nc6 6. Be3 Nf6 7. Nxc6 bxc6 8.
e5 Ng8 9. Bd4 Nh6 10. f4 O-O 11. Bc4 Nf5 12. Bf2 d5 13. exd6 exd6 14. O-O d5
15. Bd3 Be6 16. Na4 Qc7 17. c3 Bh6 18. g4 Ne7 19. f5 Bd7 20. Qf3 Rae8 21. f6
Nc8 22. b3 Qf4 23. Bc5 Qxg4+ 24. Qxg4 Bxg4 25. Bxf8 Kxf8 26. Rae1 Rd8 27. Be2
1/2-1/2

[Event "TV2 Fagernes International 2018"]
[Site "Scandic Hotel Fagernes"]
[Date "2018.03.25"]
[Round "8"]
[White "Tocklin, Tomi"]
[Black "Rynning, Rune Kleiven"]
[Result "1-0"]
[WhiteElo "1844"]
[BlackElo "1567"]
[PlyCount "53"]
[EventDate "2018.??.??"]

1. e4 c5 2. Nf3 d6 3. Bb5+ Bd7 4. Bxd7+ Qxd7 5. O-O Nf6 6. Re1 Nc6 7. c3 e6 8.
d4 cxd4 9. cxd4 d5 10. e5 Ne4 11. a3 Be7 12. Qd3 O-O 13. Nbd2 Nxd2 14. Bxd2 a6
15. h4 Rac8 16. Ng5 Bxg5 17. hxg5 f6 18. gxf6 gxf6 19. Bh6 Rf7 20. f4 f5 21.
Qg3+ Kh8 22. Rad1 Rg8 23. Bg5 h5 24. Qh4 Rgf8 25. Bf6+ Kg8 26. Qg5+ Kh7 27.
Qxh5+ 
1-0

[Event "TV2 Fagernes International 2018"]
[Site "Scandic Hotel Fagernes"]
[Date "2018.03.25"]
[Round "8"]
[White "Syse, Knut"]
[Black "Hoel, Mathias"]
[Result "1/2-1/2"]
[WhiteElo "1671"]
[BlackElo "1842"]
[PlyCount "39"]
[EventDate "2018.??.??"]

1. Nf3 Nf6 2. c4 e6 3. g3 d5 4. b3 Be7 5. Bg2 O-O 6. O-O c5 7. cxd5 Nxd5 8. Bb2
Nc6 9. d4 cxd4 10. Nxd4 Nxd4 11. Bxd4 b6 12. Nc3 Bb7 13. Nxd5 Bxd5 14. Bxd5
Qxd5 15. Bb2 Rfd8 16. Qxd5 Rxd5 17. Rfd1 Rxd1+ 18. Rxd1 Rd8 19. Rxd8+ Bxd8 20.
Kg2 
1/2-1/2

[Event "TV2 Fagernes International 2018"]
[Site "Scandic Hotel Fagernes"]
[Date "2018.03.25"]
[Round "8"]
[White "Blazekovic, Nina"]
[Black "Gjære, Vidar"]
[Result "1-0"]
[WhiteElo "1825"]
[BlackElo "1623"]
[PlyCount "49"]
[EventDate "2018.??.??"]

1. e4 g6 2. d4 Bg7 3. Nf3 d6 4. Bc4 e6 5. Qe2 Nd7 6. Nc3 c6 7. O-O Ne7 8. a4 d5
9. Bb3 dxe4 10. Nxe4 Nf6 11. Bh6 Nf5 12. Bg5 h6 13. Bxf6 Bxf6 14. c3 Bg7 15.
Rad1 O-O 16. Ne5 Qe7 17. f4 Nd6 18. Bc2 Bxe5 19. fxe5 Nxe4 20. Qxe4 f5 21. exf6
Rxf6 22. Rxf6 Qxf6 23. Rf1 Qg7 24. Bb3 Bd7 25. Bxe6+ 
1-0

[Event "TV2 Fagernes International 2018"]
[Site "Scandic Hotel Fagernes"]
[Date "2018.03.25"]
[Round "8"]
[White "Sola, Roar"]
[Black "Mella, Aage"]
[Result "1-0"]
[WhiteElo "1378"]
[BlackElo "1720"]
[PlyCount "84"]
[EventDate "2018.??.??"]

1. e4 c5 2. Nf3 e6 3. d4 cxd4 4. Nxd4 Nf6 5. Nc3 d6 6. g4 Be7 7. g5 Nfd7 8. h4
Nc6 9. Be3 a6 10. Bd3 Nde5 11. Be2 Qc7 12. f4 Nd7 13. Bg4 Nb6 14. Qe2 Bd7 15.
O-O-O Rc8 16. Nb3 Nb4 17. a3 Nc6 18. Rhf1 O-O 19. Qf2 Nc4 20. f5 Nxe3 21. Qxe3
Ne5 22. Qf4 f6 23. fxe6 Bb5 24. Rg1 d5 25. Qg3 dxe4 26. Rg2 fxg5 27. hxg5 Bxg5+
28. Kb1 Bf4 29. Qh3 Rcd8 30. Rh1 Bh6 31. Nxe4 Rf1+ 32. Ka2 Rxh1 33. Qxh1 Rf8
34. Be2 Bxe2 35. Rxe2 Qc4 36. Qd1 Qc8 37. e7 Re8 38. Nd6 Qd7 39. Rxe5 Rxe7 40.
Rxe7 Qxe7 41. Qd5+ Kf8 42. Nxb7 Qf7 
1-0

[Event "TV2 Fagernes International 2018"]
[Site "Scandic Hotel Fagernes"]
[Date "2018.03.25"]
[Round "8"]
[White "Nordquelle, Amelia"]
[Black "Selvik, Kjetil"]
[Result "0-1"]
[WhiteElo "1683"]
[BlackElo "1535"]
[PlyCount "62"]
[EventDate "2018.??.??"]

1. d4 f5 2. c4 Nf6 3. Nc3 e6 4. e4 Nxe4 5. Nxe4 fxe4 6. Qh5+ g6 7. Qe5 Bb4+ 8.
Bd2 Bxd2+ 9. Kxd2 Rf8 10. Qxe4 Rxf2+ 11. Be2 Qg5+ 12. Kc3 Qf4 13. Qxf4 Rxf4 14.
Nh3 Rf8 15. Rhf1 Rh8 16. Rf4 Nc6 17. Raf1 e5 18. dxe5 Nxe5 19. Ng5 d6 20. g4
Bd7 21. Nxh7 O-O-O 22. Ng5 Rxh2 23. Bd1 Rg2 24. Nf7 Nxf7 25. Rxf7 Bxg4 26. Bc2
g5 27. Rg7 Rg3+ 28. Kb4 Rf3 29. Re1 Bd7 30. Ree7 b6 31. Ba4 a5# 0-1

[Event "TV2 Fagernes International 2018"]
[Site "Scandic Hotel Fagernes"]
[Date "2018.03.25"]
[Round "8"]
[White "Kaunonen, Jouni"]
[Black "Ji, Jiahao Eric"]
[Result "0-1"]
[WhiteElo "1647"]
[BlackElo "1462"]
[PlyCount "70"]
[EventDate "2018.??.??"]

1. d4 Nf6 2. c4 g6 3. Nc3 Bg7 4. e4 d6 5. f4 O-O 6. Nf3 c5 7. d5 e6 8. Bd3 exd5
9. Nxd5 Nxd5 10. cxd5 Re8 11. O-O Bg4 12. h3 Bxf3 13. gxf3 Nd7 14. a4 a6 15. a5
Qh4 16. Kh2 Kh8 17. Qe1 Qe7 18. Qg3 h6 19. Rg1 Rg8 20. Rg2 g5 21. Kh1 Bf6 22.
Qf2 gxf4 23. Bxf4 Bd4 24. Be3 Rxg2 25. Bxd4+ cxd4 26. Kxg2 Rg8+ 27. Kh2 Ne5 28.
Bf1 Qf6 29. f4 Rg4 30. f5 Rh4 31. Be2 d3 32. Bd1 Qg5 33. Ra4 Ng4+ 34. Bxg4 Qxg4
35. Rc4 Rxh3# 
0-1

[Event "TV2 Fagernes International 2018"]
[Site "Scandic Hotel Fagernes"]
[Date "2018.03.25"]
[Round "8"]
[White "Hestvik, Elias"]
[Black "Galinskyi, Mykhalo"]
[Result "1-0"]
[WhiteElo "1572"]
[BlackElo "1515"]
[PlyCount "93"]
[EventDate "2018.??.??"]

1. e4 e5 2. Nf3 Nc6 3. Nc3 Nf6 4. Bb5 Bc5 5. O-O O-O 6. d3 h6 7. Bxc6 dxc6 8.
Nxe5 Re8 9. Nf3 Bg4 10. h3 Bh5 11. Re1 Nd7 12. Bf4 Bd6 13. Bxd6 cxd6 14. Rb1
Ne5 15. g4 Bg6 16. Nxe5 Rxe5 17. f4 Re8 18. f5 Bh7 19. Qf3 Qb6+ 20. Qf2 Qxf2+
21. Kxf2 g5 22. Re2 f6 23. d4 Kf8 24. d5 Bg8 25. Rd1 Rad8 26. Kf3 Re5 27. Red2
Ke7 28. a3 Bf7 29. Rh1 Rc8 30. dxc6 bxc6 31. Rhd1 Rd8 32. Ne2 d5 33. exd5 Rdxd5
34. Rxd5 Rxd5 35. Rxd5 Bxd5+ 36. Ke3 Bg2 37. Ng1 Bd5 38. b4 Kd6 39. Kd4 Bf7 40.
c4 Be8 41. Ne2 a5 42. Ng3 axb4 43. Ne4+ Kc7 44. axb4 c5+ 45. Kxc5 Bc6 46. Nxf6
Bg2 47. Ng8 
1-0

[Event "TV2 Fagernes International 2018"]
[Site "Scandic Hotel Fagernes"]
[Date "2018.03.25"]
[Round "8"]
[White "Hina, Ariza"]
[Black "Skrede, Alexander"]
[Result "0-1"]
[WhiteElo "1570"]
[BlackElo "1242"]
[PlyCount "58"]
[EventDate "2018.??.??"]

1. e4 c5 2. Nc3 Nc6 3. f4 g6 4. Bb5 Bg7 5. Bxc6 bxc6 6. Nf3 e6 7. O-O Ne7 8.
Qe1 d5 9. d3 O-O 10. Qh4 Bb7 11. f5 exf5 12. Bg5 f6 13. Bh6 fxe4 14. dxe4 dxe4
15. Bxg7 Kxg7 16. Qxe4 Re8 17. Qc4 Qb6 18. Ne4 Ba6 19. Qe6 Nd5 20. Qh3 Bxf1 21.
Nd6 Red8 22. Nf5+ gxf5 23. Rxf1 Ne3 24. Re1 Rd1 25. Rxd1 Nxd1 26. Qxf5 c4+ 27.
Kh1 Nf2+ 28. Kg1 Rd8 29. h3 Ng4+ 
0-1

[Event "TV2 Fagernes International 2018"]
[Site "Scandic Hotel Fagernes"]
[Date "2018.03.25"]
[Round "8"]
[White "Gaure, Sigurd Lauvas"]
[Black "Nordquelle, PÃ¥l"]
[Result "1/2-1/2"]
[WhiteElo "1552"]
[BlackElo "1558"]
[PlyCount "97"]
[EventDate "2018.??.??"]

1. e4 c5 2. Nf3 e6 3. d4 cxd4 4. Nxd4 Qb6 5. c3 Nc6 6. b4 Nxd4 7. Qxd4 Qxd4 8.
cxd4 Bxb4+ 9. Bd2 Bxd2+ 10. Nxd2 Nf6 11. Bd3 O-O 12. O-O a6 13. a4 d5 14. e5
Nd7 15. Rfc1 f6 16. Nf3 h6 17. Rc7 fxe5 18. dxe5 Rd8 19. Rac1 Rb8 20. h3 b6 21.
R1c6 Nc5 22. Bc2 Bd7 23. Rd6 Rbc8 24. Ra7 b5 25. axb5 axb5 26. Nd4 b4 27. Bb3
Kf8 28. Rb6 Rb8 29. Rd6 Ke8 30. Bc2 b3 31. Bg6+ Kf8 32. Rc7 Rbc8 33. Rxc5 Rxc5
34. Nxe6+ Bxe6 35. Rxd8+ Ke7 36. Rb8 d4 37. f4 Bc4 38. Rb4 Ke6 39. Be4 Bd5 40.
Rb6+ Ke7 41. Bxd5 Rxd5 42. Rxb3 d3 43. Rb1 g5 44. g3 Rd4 45. f5 Re4 46. e6 d2
47. Kf2 Kf6 48. g4 h5 49. Rd1 1/2-1/2

[Event "TV2 Fagernes International 2018"]
[Site "Scandic Hotel Fagernes"]
[Date "2018.03.25"]
[Round "8"]
[White "Strømhaug, Kristoffer Wang"]
[Black "Odden, Jan Ove"]
[Result "0-1"]
[WhiteElo "1472"]
[BlackElo "1500"]
[PlyCount "58"]
[EventDate "2018.??.??"]

1. e4 c5 2. Nc3 Nc6 3. Nf3 d6 4. d3 Nf6 5. g3 g6 6. Bg2 Bg7 7. O-O O-O 8. h3 a6
9. a4 h6 10. Be3 Be6 11. Qd2 Kh7 12. d4 cxd4 13. Nxd4 Nxd4 14. Bxd4 Qd7 15. Kh2
Rac8 16. b3 Qc7 17. Rac1 Bd7 18. Nd5 Nxd5 19. Bxg7 Kxg7 20. exd5 Qc3 21. Rfd1
b5 22. axb5 Bxb5 23. Be4 Rc5 24. Bd3 Rfc8 25. Bxb5 axb5 26. Qxc3+ Rxc3 27. Rd2
Rxb3 28. Re2 Kf6 29. f4 Rbc3 
0-1

[Event "TV2 Fagernes International 2018"]
[Site "Scandic Hotel Fagernes"]
[Date "2018.03.25"]
[Round "8"]
[White "Smedsrud, Morten S"]
[Black "HelgÃ¸y, HÃ¥kon Hembre"]
[Result "0-1"]
[WhiteElo "1349"]
[BlackElo "1483"]
[PlyCount "76"]
[EventDate "2018.??.??"]

1. e4 c5 2. Nf3 Nc6 3. d4 cxd4 4. Nxd4 g6 5. Nc3 Bg7 6. Be3 Nf6 7. f3 d5 8. Bb5
Bd7 9. exd5 Nb4 10. Bc4 O-O 11. a3 Na6 12. Bxa6 bxa6 13. Qd3 Bc8 14. Nc6 Qd6
15. Ne4 Nxe4 16. fxe4 Bxb2 17. Rb1 Bf6 18. O-O Bd7 19. Bf4 e5 20. Bh6 Rfc8 21.
Qf3 Bxc6 22. dxc6 Rxc6 23. Rb7 Rac8 24. Bg5 Kg7 25. g4 Rf8 26. Bxf6+ Qxf6 27.
Qxf6+ Rxf6 28. Rxf6 Kxf6 29. Rxa7 Rc8 30. Rxa6+ Kg5 31. Ra7 Rxc2 32. Rxf7 Kxg4
33. Rf2 Rc3 34. a4 Ra3 35. Rf7 h5 36. Rg7 g5 37. Re7 Kf3 38. Rg7 Ra1# 0-1

[Event "TV2 Fagernes International 2018"]
[Site "Scandic Hotel Fagernes"]
[Date "2018.03.25"]
[Round "8"]
[White "Skotheim, Håvard"]
[Black "Larsen, Per Magnus"]
[Result "1-0"]
[WhiteElo "1324"]
[BlackElo "1357"]
[PlyCount "77"]
[EventDate "2018.??.??"]

1. e4 e6 2. d4 d5 3. Nc3 Nf6 4. e5 Nfd7 5. f4 c5 6. Nf3 Nc6 7. Be3 Qb6 8. a3
cxd4 9. Nxd4 Bc5 10. Na4 Qa5+ 11. c3 Nxd4 12. b4 Qc7 13. cxd4 Be7 14. Rc1 Qd8
15. Qg4 Kf8 16. Nb2 h5 17. Qf3 f6 18. Bd3 f5 19. O-O Qe8 20. Bf2 Qg6 21. h4 Qg4
22. Be1 b6 23. Qf2 a5 24. Bb5 Kf7 25. Rc3 axb4 26. axb4 Rd8 27. Be2 Qg6 28. b5
Ra3 29. Nd3 Rxc3 30. Bxc3 Bb7 31. Rc1 Rc8 32. g3 Qh7 33. Qf1 Qg6 34. Kh2 Ra8
35. Qd1 Rh8 36. Bb4 Rc8 37. Rxc8 Bxc8 38. Bxh5 Qxh5 39. Qxh5+ 
1-0

[Event "TV2 Fagernes International 2018"]
[Site "Scandic Hotel Fagernes"]
[Date "2018.03.25"]
[Round "8"]
[White "Evenshaug, Amadeus Hestvik"]
[Black "Selvik, Elma"]
[Result "0-1"]
[WhiteElo "1327"]
[BlackElo "1263"]
[PlyCount "96"]
[EventDate "2018.??.??"]

1. e4 e5 2. Nf3 Nc6 3. d4 exd4 4. Bc4 Bc5 5. c3 dxc3 6. Bxf7+ Kxf7 7. Qd5+ Ke8
8. Qxc5 d6 9. Qxc3 Nf6 10. O-O Be6 11. e5 Nd5 12. Qe1 Qd7 13. exd6 Qxd6 14. Ng5
Kd7 15. Qxe6+ Qxe6 16. Nxe6 Kxe6 17. Re1+ Kf7 18. Nc3 Rhe8 19. Bg5 Nxc3 20.
bxc3 Re6 21. Bf4 Rae8 22. Rxe6 Rxe6 23. Bxc7 Re2 24. f3 Rc2 25. Rb1 b6 26. Rd1
Ke8 27. Re1+ Kd7 28. Be5 Nxe5 29. Rxe5 h6 30. Re4 Rxa2 31. g4 a5 32. g5 a4 33.
gxh6 gxh6 34. Rh4 h5 35. Rxh5 a3 36. Rh7+ Kd6 37. h4 Rb2 38. h5 a2 39. Ra7 Rb1+
40. Kg2 a1=Q 41. Rxa1 Rxa1 42. Kg3 Rc1 43. Kg4 Rxc3 44. f4 Ke6 45. h6 Kf6 46.
Kh5 Rh3+ 47. Kg4 Rxh6 48. f5 Rh1 0-1